000 01862nam a2200457 i 4500
001 25563
003 KOSZ 005
005 20200410153050.0
008 070608s1971 pl a f 000 0 pol
015 _aPB 1972/299
040 _aWA N
_cWA N
_dKOSZ 005/RW
041 0 _apol
_beng
_brus
046 _k1971
080 _a628.2/.3+628.5
080 _a338.98
100 1 _aFilipkowska, Alina.
_eAutor
245 1 0 _aMetodyka uwzględniania zadań w zakresie ochrony wód przed zanieczyszczeniem w modelu optymalizacji programu inwestycyjnego gospodarki wodnej /
_cAlina Filipkowska, Andrzej Filipkowski.
260 _aWarszawa :
_bInstytut Gospodarki Wodnej,
_c1971.
300 _a39 stron :
_bilustracje ;
_c23 cm.
336 _aTekst
_btxt
_2rdacontent
337 _aBez urządzenia posredniczącego
_bn
_2rdamedia
338 _aWolumin
_bnc
_2rdacarrier
380 _aKsiążki
380 _aPublikacje naukowe
388 _a1901-2000
490 1 _aMateriały Badawcze / Instytut Gospodarki Wodnej. Gospodarowanie Zasobami Wodnymi ;
_vnr 2.
500 _aNumeracja serii główne: nr 5.
504 _aBibliografia na stronie 33.
546 _aStreszczenie w języku angielskim, rosyjskim.
658 _aOchrona środowiska
658 _aInżynieria i technika
650 4 _aGospodarka wodna
650 4 _aWody śródlądowe
650 4 _aOchrona
700 1 _aFilipkowski, Andrzej
_c(inżynieria środowiska)
_eAutor
710 2 _aInstytut Gospodarki Wodnej
_4pbl.
830 0 _aMateriały Badawcze - Instytut Gospodarki Wodnej ;
_vnr 5.
830 0 _aMateriały Badawcze - Instytut Gospodarki Wodnej.
_pGospodarowanie Zasobami Wodnymi ;
_vnr 2.
856 _uhttp://koha.tu.koszalin.pl/cgi-bin/koha/opac-detail.pl?biblionumber=25563
_yKatalog online BPK
942 _2UKD
_cKS
999 _c25563
_d25563